000 01017nam a22001817a 4500
003 JO-AjAnu
005 20240630105205.0
008 231211b jo ||||| |||| 00| 0 ara d
040 _bara
_cJO-AjAnu
_dANU
100 _aالزيدات، آلاء إبراهيم
_964914
_eمعد
245 _aالعزو السببي لدى الطلبة ذوي صعوبات التعلم، وعلاقته بمستوى الطموح، والسلوك الفوضوي لديهم = The Causal Attribution of Students with learning Disabilities and its Relation to the level of Ambition and Disruptive Behavior /
_cاعداد آلاء إبراهيم الزيدات ؛ اشراف خالد احمد عبيدات
260 _c2023
300 _a122 ورقه
500 _aرساله جامعية (ماجستير) - جامعة عجلون الوطنية، 2023 تحتوي على جداول
650 _vعلم النفس التربوي-سلوك-تعديل
700 _aخالد احمد عبيدات
_964886
_eمشرف
942 _2lcc
_cTHS
_n0
999 _c33273
_d33273